Southville International School and Colleges
Your cart is empty.
  • Cart
  • Lists
    Public lists Eva Luna New books Lux_list list_1
    Your lists Log in to create your own lists
  • Log in to your account
  • Your cookies
  • Search history
Southville International School and Colleges
  • Advanced search
  • Recent comments
  • Most popular
  • Libraries

Log in to your account

Log in with GOOGLE


If you do not have an external account, but do have a local account, you can still log in:

  1. Home
  2. MARC view: Two silly trolls /
Normal view MARC view ISBD view

Two silly trolls / (Record no. 111870)

[ view plain ]
MARC details
000 -LEADER
fixed length control field 00690nam a2200205 a 4500
001 - CONTROL NUMBER
control field 0621
005 - DATE AND TIME OF LATEST TRANSACTION
control field 20140414131923.0
008 - FIXED-LENGTH DATA ELEMENTS--GENERAL INFORMATION
fixed length control field 040201s19uu xx 00 eng d
020 ## - INTERNATIONAL STANDARD BOOK NUMBER
International Standard Book Number 0-06-022829-6
050 ## - LIBRARY OF CONGRESS CALL NUMBER
Classification number ER
Item number T93 1992
100 ## - MAIN ENTRY--PERSONAL NAME
Personal name Jewell, Nancy
245 ## - TITLE STATEMENT
Title Two silly trolls /
Statement of responsibility, etc Nancy Jewell.
260 ## - PUBLICATION, DISTRIBUTION, ETC. (IMPRINT)
Place of publication, distribution, etc Ohio :
Name of publisher, distributor, etc Harper Collins,
Date of publication, distribution, etc 1992.
300 ## - PHYSICAL DESCRIPTION
Extent 64 p. ; cm.
440 ## - SERIES STATEMENT/ADDED ENTRY--TITLE
Title An I Can Read Book
520 ## - SUMMARY, ETC.
Summary, etc Nip and Tuck, two troll brothers, share silly experiences, including building a house without a roof, getting lost on the way to their own picnic, and sharing a travelling itch.
650 ## - SUBJECT ADDED ENTRY--TOPICAL TERM
Topical term or geographic name as entry element Trolls - fiction.
650 ## - SUBJECT ADDED ENTRY--TOPICAL TERM
Topical term or geographic name as entry element Brothers-fiction.
Holdings
Withdrawn status Lost status Damaged status Use restrictions Home library Current library Shelving location Date acquired Source of acquisition Total Checkouts Full call number Barcode Date last seen Price effective from Koha item type
        Munich Library Munich Library Easy Reading Section 02/01/2004     ER T93 1992 M2786 04/14/2014 04/14/2014 Books

Two silly trolls /

APA

Jewell N., . (1992). Two silly trolls. Ohio: Harper Collins.

Chicago

Jewell Nancy, . 1992. Two silly trolls. Ohio: Harper Collins.

Harvard

Jewell N., . (1992). Two silly trolls. Ohio: Harper Collins.

MLA

Jewell Nancy, . Two silly trolls. Ohio: Harper Collins. 1992.

  • Place hold
  • Print
  • Cite
  • Add to your cart (remove)
  • Save record
    BIBTEX Dublin Core MARCXML MARC (non-Unicode/MARC-8) MARC (Unicode/UTF-8) MARC (Unicode/UTF-8, Standard) MODS (XML) RIS
  • More searches
    Search for this title in:
    Other Libraries (WorldCat) Other Databases (Google Scholar) Online Stores (Bookfinder.com) Open Library (openlibrary.org)

Exporting to Dublin Core...

SOUTHVILLE LIBRARY

Southville International School and Colleges Library

1281 Tropical Ave. Cor. Luxembourg St., BF Homes International, Las Pinas City

Tel. No. 8256374 / 252358 Loc. 117/146

Powered by Koha